000 01445cam a22003974i 4500
003 PE-LiUPU
005 20250731184115.0
008 150616s r 000 0 d
020 _a9506140855
035 _a(Sirsi) i9789506140854
040 _aPE-LiUPU
_bspa
_cPE-LiUPU
_erda
049 _aPRUA
082 0 4 _a808.8
_bP88
_221
100 1 _aPrudhomme, Sully,
_eautor.
245 1 0 _aPoemas y pensamientos.
264 1 _aBuenos Aires :
_bHyspamérica Ediciones Argentina,
_c1983.
300 _a204 páginas ;
_c20 cm.
336 _atext
_2rdacontent
337 _aunmediated
_2rdamedia
338 _avolume
_2rdacarrier
490 0 _aLos Premios Nobel ;
_v36
505 0 _aEstancias y poemas -- Las vanas ternuras -- El prisma -- Restos de naufragio -- Los sentidos en el artista -- La poesía -- Pensamientos sobre el amor.
526 _aP145
526 _aP127
526 _aP97
526 _aP14
526 _aP07
650 0 4 _aLITERATURA CLASICA.
910 _ajck
_bjvq
_cjck
942 _2ddc
_cBOOK
949 _a808.8 P88
_wDEWEY
_c1
_i24641
_lCCODEBUL1
_mBUL
_r0
_sY
_tBOOK
_u2015-6-16
_xEDUCACION
_PP20
_0COMPRA
_o.STAFF. Colección General
994 _aC0
_bPEPRU
596 _a1
999 _a808.8 P88
_wDEWEY
_c52296
_i24641
_f2021-11-5
_g5
_lCCODEBUL1
_mBUL
_r0
_sY
_tBOOK
_u2015-6-16
_xBIBLIOTECA
_PP20
_0COMPRA
_o.STAFF. Colección General
_d52296
980 _81
_gALBERTO SANCHEZ Responsable de Automatización